Le guide des études en france
Saved in:
| Main Author: | |
|---|---|
| Format: | Book |
| Language: | Undetermined |
| Published: |
France
Studyrama
2005
|
| Subjects: | |
| Tags: |
Add Tag
No Tags, Be the first to tag this record!
|
| Institutions: | Trung tâm Học liệu Trường Đại học Cần Thơ |
|---|
| LEADER | 00553nam a2200193Ia 4500 | ||
|---|---|---|---|
| 001 | CTU_173280 | ||
| 008 | 210402s9999 xx 000 0 und d | ||
| 082 | |a 914.4 | ||
| 082 | |b P489 | ||
| 100 | |a Petit, Laurence | ||
| 245 | 0 | |a Le guide des études en france | |
| 245 | 0 | |c Laurence Petit, Juan Rafael Pulido | |
| 260 | |a France | ||
| 260 | |b Studyrama | ||
| 260 | |c 2005 | ||
| 650 | |a French,Pháp | ||
| 650 | |x Description and travel,Mô tả và du hành | ||
| 904 | |i Trọng Hải | ||
| 980 | |a Trung tâm Học liệu Trường Đại học Cần Thơ | ||